Capitals Without the Letters of “Bissau” - Statistics

General Stats
  • This quiz has been taken 3 times
  • The average score is 4 of 8
Answer Stats
Continents Capitals % Correct
Asia Tokyo
100%
South America Georgetown
50%
Africa Lomé
50%
Europe London
50%
Asia Phnom Penh
50%
Africa Porto-Novo
50%
Europe Rome
50%
Africa Freetown
0%
No matching quizzes found
Score Distribution
Percent of People with Each Score
Percentile by Number Answered
Your Score History
You have not taken this quiz